Five Busiest Air Routes by Airport - Statistics

General Stats
  • This quiz has been taken 593 times
  • The average score is 26 of 40
Answer Stats
Hint Answer % Correct
Toronto-Pearson New York-LaGuardia
98%
Dubai London-Heathrow
97%
Frankfurt London-Heathrow
97%
Barcelona-El Prat London-Gatwick
96%
Osaka-Itami Tokyo-Haneda
96%
Houston Intercontinental Los Angeles
94%
Indianapolis Chicago-O'Hare
93%
Houston Intercontinental Chicago-O'Hare
93%
Barcelona-El Prat Paris-Charles de Gaulle
91%
Cancun Dallas-Fort Worth
89%
Toronto-Pearson Vancouver
83%
Indianapolis Atlanta-Hartsfield Jackson
82%
Cancun Atlanta-Hartsfield Jackson
82%
Toronto-Pearson Montreal-Trudeau
81%
Frankfurt Berlin-Tegel
80%
Cancun Mexico City
79%
Houston Intercontinental Mexico City
79%
Barcelona-El Prat Rome-Fiumicino
78%
Barcelona-El Prat Amsterdam-Schiphol
72%
Indianapolis Denver
69%
Houston Intercontinental Denver
69%
Cancun Houston Intercontinental
65%
Osaka-Itami Sapporo-Chitose
65%
Dubai Doha
61%
Toronto-Pearson Calgary
58%
Indianapolis Orlando
54%
Dubai Mumbai
51%
Frankfurt Hamburg
46%
Toronto-Pearson Ottawa
46%
Barcelona-El Prat Frankfurt
43%
Indianapolis Charlotte
41%
Frankfurt Zurich
40%
Frankfurt Vienna
39%
Dubai Jeddah
35%
Osaka-Itami Naha
35%
Cancun Monterrey
32%
Dubai Kuwait
30%
Houston Intercontinental Cancun
20%
Osaka-Itami Sendai
20%
Osaka-Itami Kagoshima
6%
No matching quizzes found
Score Distribution
Percent of People with Each Score
Percentile by Number Answered
Your Score History
You have not taken this quiz